Design of crystal and other harmonic oscillators
محفوظ في:
| المؤلف الرئيسي: | |
|---|---|
| التنسيق: | كتاب |
| اللغة: | الإنجليزية |
| منشور في: |
Nueva York
John Wiley
1983
|
| الموضوعات: | |
| الوسوم: |
إضافة وسم
لا توجد وسوم, كن أول من يضع وسما على هذه التسجيلة!
|
MARC
| LEADER | 00000nam a2200000 a 4500 | ||
|---|---|---|---|
| 001 | UCL9953 | ||
| 003 | CL-VaPUC | ||
| 008 | 040903e19830000US |||||||||||||||||eng|d | ||
| 020 | |a 0471088196 | ||
| 082 | 0 | 4 | |a 621.38533 |b PAR |2 21 |
| 100 | 0 | |a Parzen, Benjamin |e author |9 487905 | |
| 245 | 1 | 0 | |a Design of crystal and other harmonic oscillators |
| 300 | |a 454 p | ||
| 942 | |c BK | ||
| 945 | |d 20040903 00:00:00 |a cmena | ||
| 260 | |a Nueva York |b John Wiley |c 1983 | ||
| 650 | 7 | |a OSCILADORES |2 CL-VaPUC |9 345821 | |
| 650 | 0 | |a Electricidad |9 260222 | |
| 650 | 0 | |a Circuitos eléctricos |9 260262 | |
| 583 | |a last modification |c 20040903 00:00:00 |k Rodrigo Vera | ||
| 999 | |c 310568 |d 310566 | ||
| 952 | |0 0 |1 0 |4 0 |6 621_385330000000000_PAR_1983 |7 0 |8 A |9 379182 |a BIBING |b BIBING |d 2019-11-21 |i 4039726 |o 621.38533 PAR 1983 |p 4039726 |r 2025-01-20 |w 2019-11-21 |y BK |k EIE | ||